00975nam a22002537a 450000500170000000800410001701000140005802000260007203500130009803700130011104000170012408200080014110000180014924501420016725000120030926000850032127000620040630000270046870000200049570000190051594200270053499900170056195201430057820100407142311.0100407t xxu||||| |||| 00| 0 eng d aENG-95991 a9788131723630c650.00 aEN-79524 bDBAD/VEN adplbEnglish a510 aSharma, J. K. aThe pearson guide to objective mathematics:cby J. K. Sharma, Anita Khattar [and] Dinesh KhattarbFor engineering entrance examinations/ a3rd ed. aDelhibDorling Kindersley (India) Pvt. Ltd. Licensees of Pearson Educationc2010 a14, Local Shopping Centre, Panchsheel ParkbDelhie110017 a1236p. :c28 cm. (pbk) aKhattar, Dinesh aKhattar, Anita adplcEN2ddcmSHAh510 c35134d35134 00102ddc3Pbk40718NFICaDBADbDBADd2010-02-26eDBAD/VENg650.00l0o510 SHApEN-79524r2010-04-07 00:00:00t1v650.00w2010-04-07yEN